000 00691nam a2200205Ia 4500
005 20260121110048.0
008 008 260114s9999 xx 000 0 hin d
020 _a9788132351467
037 _aEBOOK
040 _aCRL
_bhin
_cCRL
041 _ahin
_2hin
084 _qCRL
100 _aअविनाश शर्मा / Avinash Sharma
_9941584
245 0 _aसरल प्रारंभिक भौतिक विज्ञान / Simplified Parichay Bhoutik Vigyan
260 _bभाषा प्रकाशन / Bhasha Prakashan
_c2020
856 _uhttps://bhashaprakashan.com/product-details/378486
942 _cEBOOK
999 _c1533249
_d1533249